000 00492nam a2200133Ia 4500
005 20260328104324.0
008 260328s9999||||xx |||||||||||||| ||und||
100 _aUniversidad Nacional de Colombia
245 0 _aIII Encuentro de Arquitectura Latinoamericana :
_b Las Corrientes Actuales y los Rumbos Posibles de una Arquitectura Latinoamericana. /
_cUniversidad Nacional de Colombia
260 _bUniversidad Nacional de Colombia
300 _a158 p.
650 _aLATINOAMERICA
942 _cBK
999 _c11441
_d11441